000 00615nam a22002177a 4500
003 UA-OsUOA
001 73876
007 ta
008 20110321b un ||||| |||| 00| 0 ukr d
100 _aМалаков Д.
090 _a94(477)
_bМ18
942 _cSA
040 _aUA-OsUOA
_bukr
_cUA-OsUOA
_dUA-OsUOA
245 _aЗгадуючи понеділок 1 березня (До 50-річчя Куренівської катастрофи)
300 _aС.12
955 _a0
041 _aukr
080 _a94(477)
773 0 _w73873
650 7 _a9 Географія. Біографії. Історія
_2UDC
999 _c360160
_d360160